000
00206 a2200097 4500
001
9192
100
_a
Brodie, B
245
_a
Strategy in the Missile age
260
_a
_b
Princetion
_c
090
_c
7366
_d
7366
942
_a
NUST-CAE
_c
M
_c
34007
999
_c
244265
_d
244265